| 000 | 011920000a22002170004500 | ||
|---|---|---|---|
| 020 | _aDonación | ||
| 041 | 0 | _aEng. | |
| 082 | 0 | 4 | _aG 266 P797i |
| 100 | 1 | _aPonraj, S. Devasagayam | |
| 245 | 1 | 0 | _aAn introduction to missionary anthropology : the principles and practices of communication of the gospel in cross-cultural contexts of india / S. Devasagayam Ponraj |
| 260 | _aChennai, India : Mission Educational Books | ||
| 300 | _a199 p. | ||
| 505 | 0 | 0 | _aLa relevancia de la misión transcultural en la India -- la antropología misionera : definiciones -- el ámbito y la relevancia de la antropología para los misioneros -- evangelio en el contexto humano -- contextualizar el evangelio -- contextualizar la comunicación -- contextualizar la iglesia local -- encuentro de poder espiritual -- la investigación y el estudio del campo antropológico |
| 520 | _aTrata de los principios básicos y las técnicas para comunicar con eficacia el evangelio en un entorno transcultural. | ||
| 650 | 1 | 4 | _aESTUDIOS INTERCULTURALES \ MISIONES |
| 001 | 17219 | ||
| 942 | _cBK | ||
| 999 |
_c43883 _d43883 |
||
| 336 |
_atexto _btxt _2rdacontent |
||
| 337 |
_2rdamedia _asin mediación _bn |
||
| 338 |
_2rdacarrier _avolumen _bnc |
||